书目信息 |
| 题名: |
有机化学
|
|
| 作者: | 李树山 主编 | |
| 分册: | ||
| 出版信息: | 北京 中国环境科学出版社 2008.02 |
|
| 页数: | 373页 | |
| 开本: | 23cm | |
| 丛书名: | 高等专科学校高等职业技术学院环境类系列教材 | |
| 单 册: | ||
| 中图分类: | O62 | |
| 科图分类: | ||
| 主题词: | 有机化学--you ji hua xue--高等教育--教材 | |
| 电子资源: | ||
| ISBN: | 978-7-80209-548-9 | |
| 000 | 00967nam 2200253 450 | |
| 001 | 012008790340 | |
| 005 | 20080512090908.79 | |
| 010 | @a978-7-80209-548-9@dCNY32.00 | |
| 100 | @a20080512d2008 em y0chiy0120 ea | |
| 101 | 0 | @achi |
| 102 | @aCN@b110000 | |
| 105 | @aak z 000yy | |
| 106 | @ar | |
| 200 | 1 | @a有机化学@Ayou ji hua xue@f李树山主编@Fli shu shan zhu bian |
| 210 | @a北京@c中国环境科学出版社@d2008.02 | |
| 215 | @a373页@c图@d23cm | |
| 225 | 2 | @a高等专科学校高等职业技术学院环境类系列教材@Agao deng zhuan ke xue xiao gao deng zhi ye ji shu xue yuan huan jing lei xi lie jiao cai |
| 330 | @a本书分理论部分和实验部分,具体内容包括:绪论,烷烃,单烯烃,炔烃和二烯烃,脂环烃,芳烃,卤代烃,醇 酚 醚等。 | |
| 410 | 0 | @12001 @a高等专科学校高等职业技术学院环境类系列教材 |
| 606 | 0 | @a有机化学@Ayou ji hua xue@x高等教育@j教材 |
| 690 | @aO62@v4 | |
| 701 | 0 | @a李树山@Ali shu shan@4主编 |
| 801 | 0 | @aCN@bQSSK@c20080512 |
| 905 | @b711189-91@dO62@eL266@f3 | |
| 有机化学/李树山主编.-北京:中国环境科学出版社,2008.02 |
| 373页:图;23cm.-(高等专科学校高等职业技术学院环境类系列教材) |
| ISBN 978-7-80209-548-9:CNY32.00 |
| 本书分理论部分和实验部分,具体内容包括:绪论,烷烃,单烯烃,炔烃和二烯烃,脂环烃,芳烃,卤代烃,醇 酚 醚等。 |
| ● |
| 相关链接 |
|
|
|
正题名:有机化学
索取号:O62/L266
 
预约/预借
| 序号 | 登录号 | 条形码 | 馆藏地/架位号 | 状态 | 备注 |
| 1 | 711189 | 207111891 | 自科库401/401自科库 62排4列2层/ [索取号:O62/L266] | 在馆 | |
| 2 | 711190 | 207111908 | 自科库401/401自科库 62排4列2层/ [索取号:O62/L266] | 在馆 | |
| 3 | 711191 | 207111917 | 自科库401/401自科库 62排4列2层/ [索取号:O62/L266] | 在馆 |